Gaming Quiz

Random Gaming or Video Games Quiz
Score 0/12 Timer 06:00
0 Plays Today
Question Answer % Correct
GenderMale
89.4%
Ultimate AbilityLaunch Pad
83.8%
Introduced in season...1
82.1%
Heriloom WeaponButterfly Knife
81.6%
Tactical AbilityStim
81%
Friend in the games Lifeline
76.5%
Age 24
67.6%
Full NameOctavio Silva
64.8%
Trait/DescriptionAdrenaline Junkie
57.5%
Passive AbilitySwift Mend
56.4%
Legend TypeOffensive
52.5%
Home WorldPsamanthe
16.8%
Remove Ads.
Support Sporcle.
Get the best of Sporcle when you Go Orange. This ad-free experience offers more features, more stats, and more fun while also helping to support Sporcle. Thank you for becoming a member.

You're not logged in!

Compare scores with friends on all Sporcle quizzes.
OR
Log In

Sporcle TV

Today on Sporcle TV


Watch our educational content, quiz creation guides, and fun videos on Sporcle TV.

Show Comments

Extras

Top Quizzes Today


Score Distribution

Paid Content

Your Account Isn't Verified!

In order to create a playlist on Sporcle, you need to verify the email address you used during registration. Go to your Sporcle Settings to finish the process.

Report this User

Report this user for behavior that violates our Community Guidelines.

Details: